000 00248nam a22001097a 4500
008 170125b xxu||||| |||| 00| 0 eng d
020 _a0397544138
041 _aeng
080 _a618.2
245 _aNURSING IN THE 1980S
_cAIKEN, L.H
942 _2udc
_cBK
999 _c3620
_d3620